00592 2200217 4500001002100000005001500021035002000036007000300056008004100059020001800100082000800118084001400126100003000140245007100170250001000241260003800251300002800289650001900317650001400336990002400350INLIS00000000000777320260630111749 a0010-0626000013ta260630 0 ind  a979-489-242-4 a636 a636 SUD m0 aSudirman S.P; Ade Iwan S.1 aMina Padi Budi Daya Ikan Bersama Padi /cSudirman S.P; Ade Iwan S. aCet.8 aJakarta :bPenebar Swadaya,c2000 a73 hlm :bilus ;c21 cm 4aBudi daya Ikan 4aMina Padi a31/BPPPatuk/HA/2024